LEADER 02120oam 2200577 450 001 9910707159203321 005 20160427154328.0 035 $a(CKB)5470000002461905 035 $a(OCoLC)888490135 035 $a(EXLCZ)995470000002461905 100 $a20140822d1990 ua 0 101 0 $aeng 135 $aurmn||||||||| 181 $ctxt$2rdacontent 182 $cc$2rdamedia 183 $acr$2rdacarrier 200 10$aHeavy-mineral dispersal and deposition in sandy deltas of glacial Lake Quinebaug, Connecticut /$fby Eric R. Force and Byron D. Stone 210 1$a[Reston, Va.] :$cDepartment of the Interior, U.S. Geological Survey,$d1990. 210 2$a[Washington, D.C.] :$cUnited States Government Printing Office. 215 $a1 online resource (iv, 21 pages) $cillustrations, map 225 1 $aU.S. Geological Survey bulletin ;$v1874 300 $aTitle from title screen (viewed Aug. 18, 2014). 320 $aIncludes bibliographical references. 517 3 $aHeavy mineral dispersal and deposition in sandy deltas of glacial Lake Quinebaug, Connecticut 606 $aGeology, Stratigraphic$yPleistocene 606 $aHeavy minerals$zConnecticut$zQuinebaug, Lake 606 $aLake sediments$zConnecticut$zQuinebaug, Lake 606 $aGeology, Stratigraphic$2fast 606 $aHeavy minerals$2fast 606 $aLake sediments$2fast 606 $aPleistocene Geologic Epoch$2fast 607 $aConnecticut$zLake Quinebaug$2fast 615 0$aGeology, Stratigraphic 615 0$aHeavy minerals 615 0$aLake sediments 615 7$aGeology, Stratigraphic. 615 7$aHeavy minerals. 615 7$aLake sediments. 615 7$aPleistocene Geologic Epoch. 700 $aForce$b Eric R.$01212693 702 $aStone$b Byron D. 712 02$aGeological Survey (U.S.), 801 0$bCOP 801 1$bCOP 801 2$bOCLCO 801 2$bOCLCF 801 2$bGPO 906 $aBOOK 912 $a9910707159203321 996 $aHeavy-mineral dispersal and deposition in sandy deltas of glacial Lake Quinebaug, Connecticut$93450024 997 $aUNINA LEADER 03986nam 22006735 450 001 9910908372503321 005 20241120115539.0 010 $a9783031700989$b(electronic bk.) 010 $z9783031700972 024 7 $a10.1007/978-3-031-70098-9 035 $a(MiAaPQ)EBC31787907 035 $a(Au-PeEL)EBL31787907 035 $a(CKB)36637902400041 035 $a(OCoLC)1472981476 035 $a(DE-He213)978-3-031-70098-9 035 $a(EXLCZ)9936637902400041 100 $a20241120d2024 u| 0 101 0 $aeng 135 $aurcnu|||||||| 181 $ctxt$2rdacontent 182 $cc$2rdamedia 183 $acr$2rdacarrier 200 10$aChloroplast Gene Expression: Regulation, Stress Signaling and Biotechnology /$fedited by Tessa M. Burch-Smith 205 $a1st ed. 2024. 210 1$aCham :$cSpringer Nature Switzerland :$cImprint: Springer,$d2024. 215 $a1 online resource (226 pages) 225 1 $aNucleic Acids and Molecular Biology,$x1869-2486 ;$v37 311 08$aPrint version: Burch-Smith, Tessa M. Chloroplast Gene Expression: Regulation, Stress Signaling and Biotechnology Cham : Springer,c2024 9783031700972 327 $aChapter 1. RNA Binding Proteins Regulating Chloroplast RNA Metabolism -- Chapter 2. The Roles of mTERF Proteins in Chloroplast Gene Expression -- Chapter 3. Light Control of Plastid Gene Expression -- Chapter 4. Chloroplast Translation Machinery -- Chapter 5. Chloroplast Stress Signals: Control of Retrograde Signaling, Chloroplast Turn-Over, and Cell Fate Decisions -- Chapter 6. The Genetic Engineering Toolbox for Transformation of Higher Plant Plastids. 330 $aThis book provides an insightful journey into the realm of chloroplast biology. Chloroplasts are the organelles that perform photosynthesis and many of the metabolic processes in plant cells. They are a specialized form of plastids, whose differentiation is dependent on environmental and developmental signaling. Descended from a lineage of free-living, photosynthesizing prokaryotes, chloroplasts and other plastids contain remnants of their ancient genomes and chloroplast gene expression is essential for establishing functional organelles. Chloroplast gene expression has features of the prokaryotic gene expression but now involves large suites of nuclear proteins. Topics discussed are: the identification of these nuclear factors how chloroplast RNA is processed to produce functional organelles translation in chloroplasts and its regulation the environmental factors that influence chloroplast development and how plants deal with defective chloroplasts. The book also highlights the evolving landscape of chloroplast engineering in biotechnology, recent breakthroughs and their implications for the future. A valuable resource for researchers, students, and enthusiasts alike, this book is a compelling testament to the fascinating world of chloroplasts and their burgeoning role in scientific innovation. 410 0$aNucleic Acids and Molecular Biology,$x1869-2486 ;$v37 606 $aCell organelles 606 $aPlant genetics 606 $aPlant cells and tissues 606 $aRNA$xMetabolism 606 $aGenetic transcription 606 $aOrganelles 606 $aPlant Genetics 606 $aPlant Cell Biology 606 $aRNA Metabolism 606 $aGene Transcription 615 0$aCell organelles. 615 0$aPlant genetics. 615 0$aPlant cells and tissues. 615 0$aRNA$xMetabolism. 615 0$aGenetic transcription. 615 14$aOrganelles. 615 24$aPlant Genetics. 615 24$aPlant Cell Biology. 615 24$aRNA Metabolism. 615 24$aGene Transcription. 676 $a571.65 700 $aBurch-Smith$b Tessa M$01775368 801 0$bMiAaPQ 801 1$bMiAaPQ 801 2$bMiAaPQ 912 $a9910908372503321 996 $aChloroplast Gene Expression: Regulation, Stress Signaling and Biotechnology$94293813 997 $aUNINA